Európska cena ESPA pre kúpele Luhačovice
Prestížne európske ocenenie pre české kúpele Luhačovice. Inovácia detskej liečebne. Nová balneoprevádzka s uhličitými kúpeľmi, modernizácia detských liečební a penziónu Rodina.
Guardado en:
| Autor principal: | |
|---|---|
| Formato: | Capítulo de libro |
| Lenguaje: | eslovaco |
| Materias: | |
| Etiquetas: |
Sin Etiquetas, Sea el primero en etiquetar este registro!
|
MARC
| LEADER | 00000naa a2200000 4500 | ||
|---|---|---|---|
| 001 | 0222738 | ||
| 005 | 20231011130417.0 | ||
| 041 | 0 | |a slo | |
| 044 | |a SK | ||
| 245 | 1 | 0 | |a Európska cena ESPA pre kúpele Luhačovice |c Zlatica Kramárová |
| 520 | |a Prestížne európske ocenenie pre české kúpele Luhačovice. Inovácia detskej liečebne. Nová balneoprevádzka s uhličitými kúpeľmi, modernizácia detských liečební a penziónu Rodina. | ||
| 610 | 2 | 0 | |a kúpele |
| 610 | 2 | 0 | |a kúpeľníctvo |
| 610 | 2 | 0 | |a starostlivosť o zdravie |
| 610 | 2 | 0 | |a deti |
| 610 | 2 | 0 | |a ceny |
| 610 | 2 | 0 | |a inovácia |
| 610 | 2 | 0 | |a Česko |
| 100 | 1 | |a Kramárová, Zlatica | |